| 000 | 00546cam a2200193ua 4500 | ||
|---|---|---|---|
| 020 |
_a81-204-1076-9 _c325.00 |
||
| 041 |
_aeng _h |
||
| 082 |
_a631.587 _bMUR/LA |
||
| 100 | _aMurthy, V V N . | ||
| 245 |
_aLand and water development for agriculture in the Asia-Pacific region / _cV V N Murthy. _hTextual Documents |
||
| 250 |
_a1 / _b. |
||
| 260 |
_aNew Delhi : _bOxford & IBH Publishing company , _c1996. |
||
| 300 | _a152 ; . | ||
| 365 | _a325.00 | ||
| 504 | _a | ||
| 700 | 1 | _aTakeachi, K . | |
| 942 | _cBK | ||
| 999 |
_c7317 _d7317 |
||